NLSUI OPAC header image

Protection of cultural property in the event of armed conflict (Record no. 26998)

MARC details
000 -LEADER
fixed length control field 00491nam a2200157Ia 4500
008 - FIXED-LENGTH DATA ELEMENTS--GENERAL INFORMATION
fixed length control field 160316s2002 xxu||||| |||| 00| 0 eng d
082 ## - DEWEY DECIMAL CLASSIFICATION NUMBER
Classification number 341.700000
Item number PRO-2
100 ## - MAIN ENTRY--PERSONAL NAME
Personal name
245 ## - TITLE STATEMENT
Title Protection of cultural property in the event of armed conflict <br/>
250 ## - EDITION STATEMENT
Edition statement
260 ## - PUBLICATION, DISTRIBUTION, ETC.
Place of publication, distribution, etc. Geneva
Name of publisher, distributor, etc. I C R C
Date of publication, distribution, etc. 2002
300 ## - PHYSICAL DESCRIPTION
Extent 223p
Other physical details
Dimensions
365 ## - TRADE PRICE
Price amount Gratis
650 ## - SUBJECT ADDED ENTRY--TOPICAL TERM
Topical term or geographic name entry element 1. Cultural Property - Protection - International Law<br/>2. Cultural Property - Protection - Law & Legislation<br/>
700 ## - ADDED ENTRY--PERSONAL NAME
Personal name
--
Holdings
Withdrawn status Lost status Damaged status Not for loan Home library Current library Shelving location Date acquired Total Checkouts Full call number Barcode Date last seen Price effective from Koha item type
        . . NAB Compactor 30.05.2017   341.7 PRO-2 24405 30.05.2017 30.05.2017 BOOKs